Criminal Activity Quiz Stats

 Plays Quiz Updated May 4, 2013

Challenge
Share
Tweet
Embed
Score 0/18 Timer 05:00
0 Plays Today
Premise TV Show Title % Correct
A man who works as a forensic crime-scene analyst for the Miami Police Department is secretly a serial killer, but it helps him solve crimesDexter
84.5%
A man has obsessive-compulsive tendencies, but it helps him solve crimesMonk
77.7%
A man is a mathematical genius, and it helps him solve crimes Numb3rs
75.1%
A woman is cold and socially awkward, but this makes her an effective scientist which helps her solve crimesBones
69.6%
A man is underestimated and spurned by his partner for his hopeful belief in the paranormal, but it helps him solve crimesThe X-Files
62.6%
A group of police officers are youthful in appearance allowing them to operate undercover at high schools and colleges, and it helps them solve crimes21 Jump Street
61.2%
An especially observant man feigns clairvoyance, and it helps him solve crimesPsych
58.8%
A man is an author consulting for the NYPD, and it helps him solve crimesCastle
54.2%
A man is a former magician and con-artist whose arrogance leads to his downfall, but it helps him solve crimesThe Mentalist
50.9%
Premise TV Show Title % Correct
An ex-thief and con-man gets caught and turns C.I. to the FBI, but it helps him solve crimesWhite Collar
36.9%
A man is a former spy whose life and reputation are anonymously destroyed, but it helps him solve crimesBurn Notice
35.4%
A man is the last in a bloodline of protectors sworn to defend the innocent from whimsical, fantasy creatures, and it helps him solve crimesGrimm
35%
An un-ethical surveillance-compilation machine is secretly built, but it helps two men solve crimes (before they happen!)Person of Interest
30.3%
A man devises scientific methods of detecting deception which has consequences in his personal life, but it helps him solve crimesLie to Me
30.3%
A woman enlists the help of a disturbed genius in the field of paranormal science and his son, and it helps her solve crimesFringe
25%
An ex-police officer returns to the force after being wrongfully imprisoned for 12 years, but it helps him solve crimesLife
15.3%
A man can't separate reality from dreams, but it helps him solve crimesAwake
12%
A man is a neuro-psychiatrist who experiences symptoms of paranoid schizophrenia, but it helps him solve crimesPerception
7.8%

You're not logged in!

Compare scores with friends on all Sporcle quizzes.
OR
Log In

You Might Also Like...

Show Comments

Extras

Top Quizzes Today


Score Distribution

Your Account Isn't Verified!

In order to create a playlist on Sporcle, you need to verify the email address you used during registration. Go to your Sporcle Settings to finish the process.

Report this User

Report this user for behavior that violates our Community Guidelines.

Details: